| 000 | 00815nam a22002417a 4500 | ||
|---|---|---|---|
| 003 | UA-OsUOA | ||
| 001 | 21049 | ||
| 007 | ta | ||
| 008 | 20031113b un ||||| |||| 00| 0 ukr d | ||
| 090 |
_a94 (477)"1932/1933" _bМ43 |
||
| 942 | _cBK | ||
| 040 |
_aUA-OsUOA _brus _cUA-OsUOA _dUA-OsUOA |
||
| 245 |
_aМеждународная комиссия по расследованию голода на Украине 1932-1933 годов _bИтоговый отчет 1990 год _cотв. за вып. Евтух В. Б. |
||
| 300 | _a192 с. | ||
| 955 | _a1 | ||
| 041 | _arus | ||
| 080 | _a94 (477)"1932/1933" | ||
| 020 | _a5-12-003422-5 | ||
| 260 |
_aК. _bУкрЦЭНДИСИ _c1992 |
||
| 044 | _aRU | ||
| 650 | 7 |
_a9 Географія. Біографії. Історія _2UDC |
|
| 999 |
_c307241 _d307241 |
||